Za Kačku /
Cestovatelka Kateřina Ostrá navštívila desítky zemí - vždy s minimálním rozpočtem, zato ovšem s maximálními zážitky. Teď se o své know-how podělí i s dalšími zvídavými turisty. Chcete vědět, jak se dá levně cestovat, a přitom poznat celý svět? Musíme vás varovat - po přečtení této knihy už nebude na...
Uloženo v:
| Hlavní autor: | |
|---|---|
| Médium: | E-kniha |
| Jazyk: | Czech |
| Vydáno: |
Praha :
Albatros Media a.s.,
2025
|
| Tagy: |
Žádné tagy |
| LEADER | 01527nam a22002297i 4500 | ||
|---|---|---|---|
| 001 | 312637 | ||
| 007 | ta | ||
| 008 | 260601s2025 xr ||||| |||| 00| 0 cze d | ||
| 020 | |a 9788076836365 | ||
| 044 | |a xr | ||
| 100 | 1 | |a Ostrá, Kateřina |4 aut | |
| 245 | 1 | 0 | |a Za Kačku / |c Ostrá, Kateřina |
| 264 | 1 | |a Praha : |b Albatros Media a.s., |c 2025 | |
| 300 | |a 1 online zdroj (264 stran) | ||
| 336 | |a text |b txt |2 rdacontent | ||
| 337 | |a bez média |b n |2 rdamedia | ||
| 338 | |a online zdroj |b cr |2 rdacarrier | ||
| 520 | 2 | |a Cestovatelka Kateřina Ostrá navštívila desítky zemí - vždy s minimálním rozpočtem, zato ovšem s maximálními zážitky. Teď se o své know-how podělí i s dalšími zvídavými turisty. Chcete vědět, jak se dá levně cestovat, a přitom poznat celý svět? Musíme vás varovat - po přečtení této knihy už nebude na žádné výmluvy prostor. Cestovat totiž může každý, stačí se řídit Katčinými tipy. Ve svém cestovatelském debutu vás zavede třeba na Island, řecké souostroví Santorini, na Kostariku či do marocké Marrakéše. | |
| 910 | |a RBIT002 | ||
| 998 | |d 417322 |a https://core.palmknihy.cz/api/books/417322/cover?srjt0e |b https://core.palmknihy.cz/api/books/417322/cover/400?srjt0e |c https://core.palmknihy.cz/api/books/417322/cover/50?srjt0e |e 2030-12-31 |g 264 |i 9788076836365 |j https://core.palmknihy.cz/api/books/417322/preview.epub |k https://core.palmknihy.cz/api/books/417322/preview.pdf |l |q 49 |r 1 |s https://www.palmknihy.cz/kniha/417322 |t ebook |y 2025 |z 1 | ||
| 999 | |d 312635 | ||